Historia universal: Del hombre moderno al hombre contemporáneo / Mireya Lamoneda Huerta (Registro nro. 3395)

Detalles MARC
000 -LEADER
fixed length control field 00563nam a22002051a 4500
001 - CONTROL NUMBER
control field 3395
003 - CONTROL NUMBER IDENTIFIER
control field OSt
005 - DATE AND TIME OF LATEST TRANSACTION
control field 20260204211848.0
008 - FIXED-LENGTH DATA ELEMENTS--GENERAL INFORMATION
fixed length control field 040831s2002||||mx ||||||b||||||||||spa||
020 ## - NUMERO DE LIBRO INTERNACIONAL NORMALIZADO
International Standard Book Number 970260335
050 ## - LIBRARY OF CONGRESS CALL NUMBER
Classification number 909.8 L191h
082 ## - DEWEY DECIMAL CLASSIFICATION NUMBER
Classification number 909.8 L191h
100 ## - ASIENTO PRINCIPAL -- NOMBRE PERSONAL
Personal name Lamoneda Huerta, Mireya
245 ## - TÍTULO PROPIAMENTE DICHO: SUBTÍTULO
Title Historia universal: Del hombre moderno al hombre contemporáneo / Mireya Lamoneda Huerta
264 ## - PRODUCTION, PUBLICATION, DISTRIBUTION, MANUFACTURE, AND COPYRIGHT NOTICE
Place of production, publication, distribution, manufacture México : Pearson Educación
300 ## - PHYSICAL DESCRIPTION
Extensión 628 p
650 ## - ASIENTO SECUNDARIO DE MATERIA -- TERMINO TEMÁTICO
Termino Temático Como Elemento de Entrada 1.Historia Universal
700 ## - ASIENTO SECUNDARIO -- NOMBRE PERSONAL
Personal name Rubio, María EulaliaÌ
942 ## - ADDED ENTRY ELEMENTS (KOHA)
Source of classification or shelving scheme Dewey Decimal Classification
Koha item type Libros
Existencias
Withdrawn status Lost status Source of classification or shelving scheme Damaged status Not for loan Current library Date acquired Total Checkouts Full call number Barcode Date last seen Price effective from Koha item type
    Dewey Decimal Classification     Biblioteca UTECO 09/09/2019   909.8 L191H 007726 09/09/2019 09/09/2019 Libros
    Dewey Decimal Classification     Biblioteca UTECO 09/09/2019   909.8 L191H 007727 09/09/2019 09/09/2019 Libros
© 2021 Derechos Reservados UTECO - Teléfono: +1 809-585-2291 - Correo electrónico: biblioteca@uteco.edu.do​  
Código postal 43000 ​​
Dirección: Avenida Universitaria No. 100, 
Cotuí, Provincia Sánchez Ramírez, República Dominicana - RNC: 404-00059-6